[Event "32nd GER-ch Seniors-65 2020"]
[Site "Magdeburg"]
[Date "2020.08.15"]
[Round "2.10"]
[White "Orlova, Liubov"]
[Black "Knaak, Joachim"]
[Result "1/2-1/2"]
[WhiteElo "1997"]
[BlackElo "2144"]
[Annotator "TA"]
[PlyCount "109"]
[EventDate "2020.08.14"]
[EventType "swiss"]
[EventCountry "GER"]
[SourceTitle "playchess.com"]
[Source "ChessBase"]
[SourceQuality "1"]

{[%evp 18,109,26,16,36,30,34,34,30,25,25,26,27,30,27,20,25,24,27,34,32,33,29,22,39,39,39,39,43,41,49,49,50,48,59,45,46,37,44,37,37,37,41,41,74,33,33,32,35,8,28,0,0,0,0,-12,-9,-9,0,0,0,0,8,0,0,0,0,-25,-25,-25,-20,-36,0,0,0,0,0,0,8,8,8,8,8,8,8,8,8,8,8,8,8,8,8,8]} 1. d4 d5 2. Nf3 Nf6 3. e3 e6 4. Bd3 c5 5. b3 Nc6 6. a3 Bd6 7. Bb2 cxd4 8. exd4 Qc7 9. Nbd2 O-O 10. O-O e5 {D05: Colle System with ...e6.} 11. dxe5 Nxe5 12. Nxe5 Bxe5 {White is slightly better.} 13. Bxe5 Qxe5 14. Re1 Qc7 {[#]} 15. Nf1 $146 {[%cal Bd2f1,Bf1g3,Bg3e2][%mdl 32]} ({Predecessor:} 15. Qf3 Bg4 16. Qg3 Qxg3 17. hxg3 Rfe8 18. f3 Bd7 19. Kf2 Kf8 20. Rad1 h6 21. Rh1 {1-0 (33) Vargas Arteaga,A (2285)-Chirivi Castiblanco,J (2185) Medellin 2014}) 15... Be6 16. Qd2 Rac8 17. Ng3 Rfd8 18. h3 a6 19. Qg5 h6 20. Qd2 Qc3 21. Qxc3 Rxc3 22. Ne2 Rc7 23. Nd4 Bd7 24. Re5 Re8 25. Rae1 Rcc8 26. Rxe8+ (26. f4 {looks sharper.} Rxe5 27. Rxe5 Kf8 28. Kf2 Re8 29. Re3) 26... Rxe8 27. Rxe8+ Nxe8 $14 {[%mdl 4096] Endgame KBN-KBN} 28. f4 g6 29. Kf2 Kf8 30. Ke3 Ke7 31. Be2 Kd6 32. Bf3 a5 33. a4 Nc7 34. Be2 Kc5 35. Nf3 f6 36. Nh4 g5 37. fxg5 $1 hxg5 38. Nf3 Ne6 39. c3 b6 40. Bf1 Be8 41. g3 f5 42. Bd3 f4+ 43. gxf4 $1 gxf4+ 44. Kd2 Bh5 45. Be2 {The position is equal.} Bxf3 46. Bxf3 $11 {KB-KN} Ng5 47. Bg4 d4 48. cxd4+ Kxd4 49. h4 Ne4+ 50. Ke2 Nc5 51. h5 Ke5 $1 52. h6 {[#] h7 is the strong threat.} Kf6 53. Kf3 Nxb3 54. Kxf4 Nc5 55. Bd1 {Accuracy: White = 89%, Black = 94%.} 1/2-1/2

[Event "32nd GER-ch Seniors-65 2020"]
[Site "Magdeburg"]
[Date "2020.08.15"]
[Round "2.11"]
[White "Schulz, Michael"]
[Black "Pichler, Manfred"]
[Result "1/2-1/2"]
[WhiteElo "2132"]
[BlackElo "1984"]
[Annotator "TA"]
[PlyCount "57"]
[EventDate "2020.08.14"]
[EventType "swiss"]
[EventCountry "GER"]
[SourceTitle "playchess.com"]
[Source "ChessBase"]
[SourceQuality "1"]

{[%evp 19,57,11,25,25,18,20,0,13,43,20,29,34,41,10,48,12,12,0,0,0,0,-11,0,0,107,117,150,140,262,275,791,773,29982,29983,29983,29984,29984,29985,29981,0]} 1. d4 Nf6 2. Bg5 e6 3. Nd2 d5 4. e3 h6 5. Bh4 c5 6. c3 Nbd7 7. Ngf3 Be7 8. Bd3 b6 9. O-O Bb7 10. Ne5 Nxe5 11. dxe5 {A46: 1 d4 Nf6 2 Nf3 e6: Torre, London and Colle Systems.} Nd7 12. Bxe7 Qxe7 13. f4 {The position is equal.} g6 {[#]} 14. a4 $146 {[%cal Ba2a4,Ba4a5][%mdl 32]} ({Predecessor:} 14. Qe2 a6 15. Rad1 c4 16. Bc2 Kf8 17. e4 Rb8 18. exd5 Bxd5 19. Nxc4 Qc5+ 20. Ne3 {1-0 (44) Nierlich,G (2093)-Hofmann,H (1583) Leipzig 2004}) 14... c4 15. Bc2 a6 16. Nf3 Nb8 17. a5 b5 18. Nd4 Nc6 19. Nxc6 Bxc6 20. Qd4 Qa7 21. g4 Qe7 {[#]} (21... h5 $11) 22. f5 $1 $16 {[%cal Rf5e6]} gxf5 23. gxf5 ({Not} 23. Qb6 Bb7 $19) 23... Qg5+ (23... exf5 $16 {keeps fighting.} 24. Rxf5 O-O-O) 24. Kh1 $18 O-O-O $2 ({Don't blunder} 24... Rg8 $2 25. Rg1 $18) (24... Bd7 25. e4 Qg4) 25. Qc5 Kc7 26. Qb6+ {White mates.} Kd7 27. fxe6+ fxe6 28. Rf7+ Ke8 29. Qc5 $2 {Accuracy: White = 86%, Black = 36%.} (29. Raf1 {mates} Rc8 {[#]} 30. Rc7 $1 {[%mdl 512]} Rxc7 31. Qxc7 Qg8 32. Qxc6+ {[%mdl 64] Double Attack} Kd8 33. Qxa6 Kc7 34. Qb6+ Kc8 35. a6) 1/2-1/2

[Event "32nd GER-ch Seniors-65 2020"]
[Site "Magdeburg"]
[Date "2020.08.15"]
[Round "2.12"]
[White "Seidel, Arnold"]
[Black "Kannenberg, Karl-Heinz"]
[Result "0-1"]
[WhiteElo "1985"]
[BlackElo "2128"]
[Annotator "ChessBase"]
[PlyCount "30"]
[EventDate "2020.08.14"]
[EventType "swiss"]
[EventCountry "GER"]
[SourceTitle "playchess.com"]
[Source "ChessBase"]
[SourceQuality "1"]
[TimeControl "40/5400+30:1800+30"]

1. d4 {[%emt 0:00:00]} d5 {[%emt 0:00:00]} 2. e3 {[%emt 0:00:00]} Nf6 {[%emt 0:01:43]} 3. c4 {[%emt 0:00:13]} c6 {[%emt 0:00:17]} 4. Nc3 {[%emt 0:00:26]} a6 {[%emt 0:00:28]} 5. Nf3 {[%emt 0:01:04]} b5 {[%emt 0:01:32]} 6. c5 {[%emt 0:00:36]} Bg4 {[%emt 0:01:18]} 7. h3 {[%emt 0:01:14]} Bxf3 {[%emt 0:00:54]} 8. Qxf3 {[%emt 0:00:03]} Nbd7 {[%emt 0:01:03]} 9. Bd2 {[%emt 0:00:47]} e5 {[%emt 0:00:57]} 10. Qg3 {[%emt 0:00:50]} b4 {[%emt 0:04:56]} 11. Na4 {[%emt 0:03:16]} Ne4 {[%emt 0:00:12]} 12. Qf3 {[%emt 0:04:05]} Nxd2 {[%emt 0:00:48]} 13. Kxd2 Be7 14. b3 {[%emt 0:03:59]} Bf6 {[%emt 0:01:12]} 15. Kd3 {[%emt 0:01:22]} e4+ {[%emt 0:00:09]} 0-1

[Event "32nd GER-ch Seniors-65 2020"]
[Site "Magdeburg"]
[Date "2020.08.16"]
[Round "3.1"]
[White "Khanukov, Boris"]
[Black "Zunker, Reinhard"]
[Result "1-0"]
[WhiteElo "2291"]
[BlackElo "2067"]
[Annotator "ChessBase"]
[PlyCount "65"]
[EventDate "2020.08.14"]
[EventType "swiss"]
[EventCountry "GER"]
[SourceTitle "playchess.com"]
[Source "ChessBase"]
[SourceQuality "1"]
[TimeControl "40/5400+30:1800+30"]

1. d4 {[%emt 0:00:00]} Nf6 {[%emt 0:00:00]} 2. Nf3 {[%emt 0:00:17]} d6 {[%emt 0:00:28]} 3. c4 {[%emt 0:00:21]} g6 {[%emt 0:01:20]} 4. Nc3 {[%emt 0:00:18]} Bg7 {[%emt 0:01:07]} 5. e4 {[%emt 0:00:22]} O-O {[%emt 0:01:10]} 6. Be2 {[%emt 0:00:27]} c5 {[%emt 0:04:25]} 7. d5 {[%emt 0:05:27]} e5 {[%emt 0:12:12]} 8. O-O {[%emt 0:02:42]} Na6 {[%emt 0:01:12]} 9. Ne1 {[%emt 0:02:47]} Nc7 {[%emt 0:03:15]} 10. a3 {[%emt 0:01:00]} a6 {[%emt 0:00:25]} 11. b4 {[%emt 0:01:13]} b6 {[%emt 0:06:33]} 12. Rb1 {[%emt 0:00:22]} cxb4 {[%emt 0:04:19]} 13. axb4 {[%emt 0:00:13]} a5 {[%emt 0:00:41]} 14. bxa5 {[%emt 0:06:30]} bxa5 {[%emt 0:00:58]} 15. Ba3 {[%emt 0:01:19]} Na6 {[%emt 0:00:53]} 16. Nd3 {[%emt 0:01:43]} Ne8 {[%emt 0:08:02]} 17. c5 {[%emt 0:05:18]} dxc5 {[%emt 0:04:06]} 18. Nxc5 {[%emt 0:03:03]} Nd6 {[%emt 0:01:45]} 19. Nxa6 {[%emt 0:12:04]} Bxa6 {[%emt 0:01:54]} 20. Bxa6 {[%emt 0:01:08]} Rxa6 {[%emt 0:00:12]} 21. Qd3 {[%emt 0:07:11]} Qa8 {[%emt 0:02:13]} 22. Nb5 {[%emt 0:00:22]} Nxb5 {[%emt 0:00:19]} 23. Bxf8 Bxf8 {[%emt 0:00:12]} 24. Rxb5 {[%emt 0:01:00]} a4 {[%emt 0:16:31]} 25. Ra1 {[%emt 0:10:12]} a3 {[%emt 0:00:39]} 26. Ra2 {[%emt 0:02:21]} Ra4 {[%emt 0:03:16]} 27. h4 {[%emt 0:06:21]} Qa6 {[%emt 0:02:12]} 28. Rb3 {[%emt 0:00:53]} Qxd3 {[%emt 0:06:37]} 29. Rxd3 {[%emt 0:00:08]} Rxe4 {[%emt 0:00:11]} 30. d6 {[%emt 0:00:24]} Rd4 {[%emt 0:00:09]} 31. Rxd4 {[%emt 0:00:28]} exd4 {[%emt 0:00:02]} 32. d7 {[%emt 0:00:14]} Be7 {[%emt 0:00:14]} 33. Rxa3 {[%emt 0:00:12]} 1-0

[Event "32nd GER-ch Seniors-65 2020"]
[Site "Magdeburg"]
[Date "2020.08.16"]
[Round "3.2"]
[White "Bogorad, Michail"]
[Black "Buchal, Stephan"]
[Result "1-0"]
[WhiteElo "2064"]
[BlackElo "2280"]
[Annotator "ChessBase"]
[PlyCount "66"]
[EventDate "2020.08.14"]
[EventType "swiss"]
[EventCountry "GER"]
[SourceTitle "playchess.com"]
[Source "ChessBase"]
[SourceQuality "1"]
[TimeControl "40/5400+30:1800+30"]

1. e4 {[%emt 0:00:00]} d6 {[%emt 0:00:00]} 2. d4 {[%emt 0:00:00]} Nf6 {[%emt 0:00:14]} 3. Nc3 {[%emt 0:00:40]} g6 {[%emt 0:00:14]} 4. Be2 {[%emt 0:02:53]} Bg7 {[%emt 0:00:57]} 5. Be3 {[%emt 0:00:24]} O-O {[%emt 0:05:50]} 6. g4 {[%emt 0:06:04]} c5 {[%emt 0:05:48]} 7. g5 {[%emt 0:22:21]} Ng4 {[%emt 0:06:05]} 8. Bxg4 {[%emt 0:05:16]} Bxg4 {[%emt 0:01:50]} 9. f3 {[%emt 0:03:05]} cxd4 {[%emt 0:10:54]} 10. Bxd4 {[%emt 0:00:09]} e5 {[%emt 0:07:37]} 11. Be3 {[%emt 0:00:50]} Be6 {[%emt 0:00:12]} 12. h4 {[%emt 0:01:50]} Nc6 {[%emt 0:07:11]} 13. h5 {[%emt 0:03:18]} Nd4 {[%emt 0:05:01]} 14. Qd2 {[%emt 0:04:44]} Qb6 {[%emt 0:09:58]} 15. O-O-O {[%emt 0:02:23]} Rfc8 {[%emt 0:02:04]} 16. h6 {[%emt 0:11:04]} Bh8 {[%emt 0:01:49]} 17. Nge2 {[%emt 0:17:04]} Nxe2+ {[%emt 0:06:10]} 18. Qxe2 {[%emt 0:00:31]} Qa5 {[%emt 0:03:24]} 19. Qb5 {[%emt 0:03:14]} Qd8 {[%emt 0:09:41]} 20. Qxb7 {[%emt 0:04:06]} Rab8 {[%emt 0:06:37]} 21. Qa6 {[%emt 0:00:20]} Qc7 {[%emt 0:01:22]} 22. Rxd6 {[%emt 0:03:54]} Rxb2 {[%emt 0:01:04]} 23. Rc6 {[%emt 0:04:56]} Qxc6 {[%emt 0:03:29]} 24. Qxc6 {[%emt 0:00:09]} Rxc2+ {[%emt 0:00:07]} 25. Kxc2 {[%emt 0:00:07]} Rxc6 {[%emt 0:00:02]} 26. Bxa7 {[%emt 0:01:07]} f6 {[%emt 0:02:50]} 27. Be3 {[%emt 0:00:51]} Bxa2 {[%emt 0:01:16]} 28. Rd1 {[%emt 0:00:25]} Rc8 {[%emt 0:00:21]} 29. Rd7 {[%emt 0:00:26]} Be6 {[%emt 0:00:54]} 30. Re7 {[%emt 0:00:30]} Bf7 {[%emt 0:00:03]} 31. Rb7 {[%emt 0:00:31]} Kf8 {[%emt 0:01:35]} 32. Kb2 {[%emt 0:00:12]} Rd8 {[%emt 0:00:47]} 33. Nb5 {[%emt 0:00:22]} Rd3 {[%emt 0:00:00]} 1-0

[Event "32nd GER-ch Seniors-65 2020"]
[Site "Magdeburg"]
[Date "2020.08.16"]
[Round "3.3"]
[White "Ellenberg, Ekkehard"]
[Black "Dresen, Ulrich"]
[Result "0-1"]
[WhiteElo "2051"]
[BlackElo "2230"]
[Annotator "TA"]
[PlyCount "90"]
[EventDate "2020.08.14"]
[EventType "swiss"]
[EventCountry "GER"]
[SourceTitle "playchess.com"]
[Source "ChessBase"]
[SourceQuality "1"]

{[%evp 15,90,24,54,28,38,33,45,50,47,42,64,41,49,37,44,32,30,23,32,17,19,0,33,24,56,58,58,15,15,12,39,35,41,0,-23,-20,0,-22,-29,-48,-31,-71,-62,-69,-70,-68,-75,-78,-70,-145,-110,-127,-106,-116,0,-102,-122,-118,-105,-378,-168,-167,-168,-480,-506,-715,-166,-714,-695,-707,-716,-698,-694,-706,-698,-714,-694]} 1. e4 e5 2. Nf3 Nc6 3. Bb5 a6 4. Ba4 Nf6 5. d3 d6 6. c3 Be7 7. O-O O-O 8. Re1 {8.Re1 is better than 8.Nbd2.} Nd7 9. d4 {C84: Closed Ruy Lopez: Unusual White 6th moves.} Bf6 {9...exd4 is not played anymore.} 10. Bc2 Re8 11. d5 {White is slightly better.} Ne7 {[%cal Bc6e7,Be7g6,Bg6f4][%mdl 32]} 12. Nbd2 {[%cal Bb1d2,Bd2f1,Bf1e3][%mdl 32] [#]} Ng6 $146 ({Predecessor:} 12... b5 13. a4 Rb8 14. Nf1 Nf8 15. Ng3 g6 16. h3 Bg7 17. Be3 h6 18. Qd2 Kh7 {1-0 (60) Soumya,S (2348)-Ambartsumova,K (2310) Chennai 2013}) 13. Nf1 Nf4 14. Ne3 g6 15. a4 Bg7 16. a5 Nf6 17. Ra4 h5 18. Rb4 Nh7 19. Nf1 Ng5 20. Bxf4 exf4 21. N1d2 (21. Ba4 {feels hotter.} Rf8 22. N1d2 Rb8 23. Nd4 Ra8 24. Qe2) 21... Nxf3+ 22. Nxf3 Rb8 23. Qd2 Qf6 24. e5 (24. Ba4 $14 Re7 25. Nd4) 24... dxe5 $11 25. Rxf4 $1 Qd6 {Threatens to win with ...Bh6.} 26. Rb4 Bg4 27. Bd1 Red8 (27... Bxf3 $5 28. Bxf3 Kh7 $15) 28. h3 {[#]} Bxf3 $1 29. Bxf3 f5 30. Bd1 Kh7 31. Bb3 e4 32. g4 (32. g3 $15) 32... Bh6 ({But not} 32... hxg4 33. hxg4 Rh8 34. gxf5 $15) 33. Qe2 Qf4 {[%cal Rh5g4]} 34. Qe3 Qd6 35. Qe2 $1 hxg4 36. hxg4 Qf4 37. gxf5 $2 {[%mdl 8192] Now White is beyond hope.} (37. Rc4 $17 {is a better defense.}) 37... Qg5+ (37... gxf5 $142 {Hoping for ...Rg8+.} 38. Rxe4 fxe4 39. Qxe4+ Kg7 40. Qe7+ Kh8) 38. Kf1 $19 gxf5 {White must now prevent ...Rg8.} 39. Qe3 $2 (39. Bd1) 39... Qh5 40. Bd1 Qh1+ ({Less strong is} 40... Bxe3 41. Bxh5 Bf4 42. f3 $15) 41. Ke2 {[#]} Qxe1+ $1 {[%mdl 512] Black is clearly winning.} 42. Kxe1 Bxe3 43. fxe3 Rxd5 44. Rc4 c6 45. b4 Rg8 {Accuracy: White = 64%, Black = 80%.} 0-1

[Event "32nd GER-ch Seniors-65 2020"]
[Site "Magdeburg"]
[Date "2020.08.16"]
[Round "3.4"]
[White "Esswein, Karlheinz"]
[Black "Tchetchelnitski, Boris"]
[Result "1-0"]
[WhiteElo "2036"]
[BlackElo "2148"]
[Annotator "TA"]
[PlyCount "119"]
[EventDate "2020.08.14"]
[EventType "swiss"]
[EventCountry "GER"]
[SourceTitle "playchess.com"]
[Source "ChessBase"]
[SourceQuality "1"]

{[%evp 14,119,43,14,22,16,16,13,27,30,40,22,23,23,20,0,85,70,119,110,113,112,194,193,222,225,229,227,244,222,247,234,264,266,267,246,264,246,284,275,267,228,225,220,254,239,254,255,245,247,233,227,266,261,255,238,291,279,273,274,254,259,311,199,208,211,265,270,272,237,300,283,283,235,225,219,283,284,462,463,433,425,739,742,831,919,887,887,849,700,674,666,853,497,521,510,470,468,664,549,616,613,586,538,679,650,29977,29978]} 1. c4 Nf6 2. Nf3 b6 3. g3 Bb7 4. Bg2 g6 5. d4 Bg7 6. O-O O-O 7. Nc3 d6 8. Re1 Ne4 {A50: Queen's Fianchetto Defence (1 d4 Nf6 2 c4 b6).} 9. Nxe4 Bxe4 {[#]} 10. Bh3 $146 ({Predecessor:} 10. Bf1 Bb7 11. e4 e5 12. Bg5 Bf6 13. Bh6 Re8 14. d5 a5 15. b3 Nd7 16. a3 Nc5 {1-0 (58) Balje,J (2219)-Schilstra,L (1927) Vlissingen 2016}) 10... Bxf3 {The position is equal.} 11. exf3 e5 12. dxe5 (12. Be3 {is more complex.} Nc6 13. d5 Na5 14. Rc1 f5 15. b4) 12... dxe5 13. Qxd8 Rxd8 14. f4 Nc6 (14... e4 $11 {remains equal.}) 15. Bg2 $16 {Black is now going downhill.} Nd4 {next ...Nc2 is good for Black.} 16. Bxa8 ({Resist} 16. fxe5 $6 Rab8 $14) 16... Rxa8 17. Rd1 c5 (17... exf4 $16 {keeps fighting.} 18. Rb1 (18. gxf4 Ne2+ 19. Kg2 Nxc1 $14) 18... fxg3) 18. Rb1 Re8 19. fxe5 Bxe5 20. Kg2 Bf6 21. Be3 Nc2 22. Kf3 Nb4 23. a3 Nc6 24. b3 Kg7 25. Kg2 Ne5 26. Bf4 Nc6 27. Re1 Rc8 28. h4 h6 29. Rbd1 Nd4 30. Be5 Bxe5 31. Rxe5 Nxb3 $18 {[%mdl 4096] Endgame KRR-KRN} 32. Rd7 Nd4 33. Ree7 Rf8 34. Re1 Nc6 35. Rc7 Na5 36. Re4 ({Don't do} 36. Rxa7 $6 Nxc4 37. Rc1 Ne5 $18) 36... a6 37. g4 g5 38. hxg5 hxg5 39. Ra7 Rb8 40. Rxa6 Rb7 41. a4 f6 42. Kf1 Kf7 43. Ke1 Nc6 44. Kd2 Ne5 45. Kc3 Rb8 $2 {[#]} (45... Nc6 {is a better defense.} 46. Re2 Ne5) 46. f4 gxf4 47. Rxf4 Ng6 (47... Kg7 $142 48. a5 bxa5 49. Rfxf6 Rb4) 48. Rf2 Kg7 49. Ra7+ Kh6 50. Rxf6 Kg5 51. Rff7 Re8 52. Rg7 Re6 53. Rac7 Kxg4 54. a5 bxa5 55. Rxc5 Ra6 (55... a4 $142 56. Ra5 Kf4 57. Rxa4 Re3+ 58. Kb4 Ne5) 56. Rcc7 Kf5 57. Ra7 Rc6 58. Rxa5+ Kf6 59. Rga7 Rc8 60. R7a6+ {Accuracy: White = 85%, Black = 44%.} 1-0

[Event "32nd GER-ch Seniors-65 2020"]
[Site "Magdeburg"]
[Date "2020.08.16"]
[Round "3.5"]
[White "Waltenberger, Udo"]
[Black "Schulz, Michael"]
[Result "0-1"]
[WhiteElo "2005"]
[BlackElo "2132"]
[Annotator "TA"]
[PlyCount "102"]
[EventDate "2020.08.14"]
[EventType "swiss"]
[EventCountry "GER"]
[SourceTitle "playchess.com"]
[Source "ChessBase"]
[SourceQuality "1"]

{[%evp 20,102,19,0,0,0,6,0,0,0,22,-35,-8,-35,-18,-14,-1,-59,-56,-55,10,4,6,-58,14,-56,28,27,20,25,62,51,61,55,62,56,56,0,0,-77,-50,-50,-50,-50,-51,-55,-55,-102,-76,-311,-274,-296,-311,-379,-364,-534,-523,-497,-312,-551,-549,-533,-533,-907,-859,-779,-807,-990,-997,-885,-833,-2088,-1920,-7726,-7208,-29984,-29985,-29984,-29983,-29983,-29984,-29984,-29985,-29986,-29987]} 1. g3 e5 2. c4 Nf6 3. Nc3 d5 4. cxd5 Nxd5 5. Bg2 Nb6 6. Nf3 Nc6 7. O-O Be7 8. d3 O-O 9. Be3 Re8 10. Rc1 Bf8 11. Ne4 {11.Bg5 gains popularity. Played by Fabiano Caruana in June 2020.} Nd4 {A29: English Opening: Four Knights Variation with 4 g3.} 12. Nxd4 exd4 13. Bg5 f6 {The position is equal.} 14. Bd2 c6 {[#]} 15. Ba5 $146 ({White should play} 15. b4 $11) ({Predecessor:} 15. b4 Qe7 16. Nc5 Qf7 17. Re1 Qxa2 18. Rc2 Qf7 19. Qa1 Rd8 20. Rec1 h6 21. Qa5 {½-½ (63) Belchev,B (2210)-Parushev,A (2265) ICCF email 2018}) 15... Kh8 16. Qd2 Qe7 17. a3 Nd5 18. Rfe1 (18. Qc2 $11) 18... h6 $15 19. Qc2 f5 (19... b6 $1 $15 20. Bb4 Nxb4 21. axb4 Bd7) 20. Nd2 $11 Be6 21. Nc4 (21. Nf3 $11) 21... Qf6 (21... f4 $1 $15) 22. Bd2 (22. e4 $11 dxe3 23. fxe3) 22... b6 ({Better is} 22... f4 $1 $15) 23. e4 dxe3 $1 24. Nxe3 Bc5 25. Nxd5 Bxd5 26. Bxd5 cxd5 27. b4 Bd4 28. Rxe8+ (28. Qc6 $14 Qf7 29. Kg2) 28... Rxe8 29. Qc6 (29. Qd1 $11 {remains equal.}) 29... Qxc6 (29... Bxf2+ {is interesting.} 30. Kg2 Qxc6 31. Rxc6 Re2 32. Bf4 Bd4+) 30. Rxc6 $17 {[%mdl 4096] Endgame KRB-KRB} Re2 31. Be3 Bxe3 32. fxe3 Rxe3 $15 {KR-KR} 33. Rc3 d4 34. Rb3 $2 {[#] This move loses the game for White.} (34. Rc7 $17) 34... g5 35. Kf2 Kg7 36. b5 Kf6 37. Rb4 (37. a4 $142) 37... Rxd3 $19 38. Ra4 Ke5 39. Rxa7 $2 {[#]} (39. Ke2 {might work better.} Re3+ 40. Kd2) 39... Rd2+ 40. Ke1 Rxh2 41. Ra6 Rg2 42. Rxb6 Rxg3 43. a4 Ra3 44. Ra6 Ke4 45. a5 f4 46. Ra7 g4 47. a6 g3 {Black mates.} 48. Rg7 Ke3 {[%cal Ra3a1]} 49. Kd1 d3 {[%cal Ra3a1]} 50. Re7+ Kf2 51. a7 g2 {Accuracy: White = 38%, Black = 73%.} 0-1

[Event "32nd GER-ch Seniors-65 2020"]
[Site "Magdeburg"]
[Date "2020.08.16"]
[Round "3.6"]
[White "Kannenberg, Karl-Heinz"]
[Black "Andersen, Knut"]
[Result "0-1"]
[WhiteElo "2128"]
[BlackElo "2047"]
[Annotator "ChessBase"]
[PlyCount "68"]
[EventDate "2020.08.14"]
[EventType "swiss"]
[EventCountry "GER"]
[SourceTitle "playchess.com"]
[Source "ChessBase"]
[SourceQuality "1"]
[TimeControl "40/5400+30:1800+30"]

1. e4 {[%emt 0:00:00]} c5 {[%emt 0:00:00]} 2. Nc3 {[%emt 0:00:00]} Nc6 {[%emt 0:00:00]} 3. f4 {[%emt 0:00:00]} g6 {[%emt 0:00:11]} 4. Nf3 {[%emt 0:00:30]} Bg7 {[%emt 0:00:07]} 5. Bb5 {[%emt 0:00:18]} Nd4 {[%emt 0:00:37]} 6. O-O {[%emt 0:00:42]} a6 {[%emt 0:00:05]} 7. Bd3 {[%emt 0:00:33]} d6 {[%emt 0:05:01]} 8. Nxd4 {[%emt 0:00:40]} cxd4 {[%emt 0:00:11]} 9. Ne2 {[%emt 0:00:43]} Nf6 {[%emt 0:03:40]} 10. b3 {[%emt 0:01:02]} O-O {[%emt 0:01:59]} 11. Bb2 {[%emt 0:01:30]} e5 {[%emt 0:00:31]} 12. Ng3 {[%emt 0:02:05]} b5 {[%emt 0:03:27]} 13. Qe2 {[%emt 0:05:04]} Bb7 {[%emt 0:08:10]} 14. fxe5 {[%emt 0:07:07]} dxe5 {[%emt 0:00:17]} 15. Ba3 {[%emt 0:00:33]} Re8 {[%emt 0:00:45]} 16. c4 {[%emt 0:01:12]} dxc3 {[%emt 0:04:18]} 17. dxc3 {[%emt 0:00:07]} Qb6+ {[%emt 0:00:15]} 18. Kh1 {[%emt 0:00:43]} h5 {[%emt 0:07:24]} 19. Rf3 {[%emt 0:05:47]} h4 {[%emt 0:02:25]} 20. Nf1 {[%emt 0:00:16]} Bc8 {[%emt 0:02:30]} 21. Ne3 {[%emt 0:06:31]} Be6 {[%emt 0:07:21]} 22. Qf2 {[%emt 0:10:34]} Rad8 {[%emt 0:07:08]} 23. Rd1 {[%emt 0:07:06]} h3 {[%emt 0:16:04]} 24. g4 {[%emt 0:00:30]} Bh6 {[%emt 0:00:30]} 25. Bc1 Nxe4 26. Qf1 {[%emt 0:20:45]} Qc6 {[%emt 0:03:51]} 27. Kg1 {[%emt 0:18:04]} Nxc3 {[%emt 0:02:34]} 28. Rxh3 {[%emt 0:03:37]} Bxe3+ {[%emt 0:06:24]} 29. Bxe3 {[%emt 0:00:41]} Bxg4 {[%emt 0:01:11]} 30. Rd2 {[%emt 0:03:42]} Bxh3 {[%emt 0:02:03]} 31. Qxh3 {[%emt 0:00:11]} e4 {[%emt 0:02:13]} 32. Bf1 {[%emt 0:00:41]} Rxd2 {[%emt 0:01:45]} 33. Bxd2 {[%emt 0:00:11]} Nd1 {[%emt 0:00:53]} 34. Be2 {[%emt 0:01:31]} Qc5+ {[%emt 0:00:30]} 0-1

[Event "32nd GER-ch Seniors-65 2020"]
[Site "Magdeburg"]
[Date "2020.08.16"]
[Round "3.7"]
[White "Krueger, Erich"]
[Black "Cichy, Michael"]
[Result "1-0"]
[WhiteElo "2102"]
[BlackElo "2038"]
[Annotator "ChessBase"]
[PlyCount "53"]
[EventDate "2020.08.14"]
[EventType "swiss"]
[EventCountry "GER"]
[SourceTitle "playchess.com"]
[Source "ChessBase"]
[SourceQuality "1"]
[TimeControl "40/5400+30:1800+30"]

1. d4 {[%emt 0:00:00]} Nf6 {[%emt 0:00:00]} 2. c4 {[%emt 0:00:03]} e6 {[%emt 0:00:00]} 3. Nc3 {[%emt 0:00:05]} Bb4 {[%emt 0:00:25]} 4. Nf3 b6 {[%emt 0:01:13]} 5. Bg5 {[%emt 0:00:23]} h6 {[%emt 0:01:16]} 6. Bh4 {[%emt 0:00:14]} g5 {[%emt 0:00:49]} 7. Bg3 {[%emt 0:00:09]} Ne4 {[%emt 0:00:44]} 8. Qc2 {[%emt 0:00:33]} Bb7 {[%emt 0:01:05]} 9. e3 {[%emt 0:06:14]} f5 {[%emt 0:00:46]} 10. O-O-O Bxc3 {[%emt 0:04:07]} 11. bxc3 {[%emt 0:06:30]} d6 {[%emt 0:00:44]} 12. Nd2 {[%emt 0:11:57]} Nd7 {[%emt 0:02:53]} 13. Nxe4 {[%emt 0:02:43]} Bxe4 {[%emt 0:00:23]} 14. Qa4 {[%emt 0:00:22]} O-O {[%emt 0:17:21]} 15. f3 {[%emt 0:04:14]} Bb7 {[%emt 0:02:05]} 16. h4 {[%emt 0:05:21]} f4 {[%emt 0:18:11]} 17. Qc2 {[%emt 0:09:34]} Qe7 {[%emt 0:11:10]} 18. Bf2 {[%emt 0:13:56]} Rf7 19. Qg6+ {[%emt 0:00:30]} Rg7 20. Qxh6 {[%emt 0:00:30]} g4 {[%emt 0:30:34]} 21. fxg4 {[%emt 0:04:53]} Rxg4 {[%emt 0:00:36]} 22. exf4 {[%emt 0:00:51]} Nf6 {[%emt 0:02:10]} 23. Bd3 {[%emt 0:04:36]} Bxg2 {[%emt 0:01:07]} 24. Rhg1 {[%emt 0:24:03]} d5 {[%emt 0:01:54]} 25. Be3 {[%emt 0:00:00]} Bh3 {[%emt 0:00:00]} 26. Bf5 {[%emt 0:00:00]} Rxg1 {[%emt 0:01:44]} 27. Rxg1+ {[%emt 0:04:16]} 1-0